| 000 | 00623nam a2200241Ia 4500 | ||
|---|---|---|---|
| 003 | OSt | ||
| 005 | 20220925215842.0 | ||
| 006 | a|||||r|||| 00| 0 | ||
| 007 | ta | ||
| 008 | 220923b |||||||| |||| 00| 0 eng d | ||
| 037 | _cGeneral Book | ||
| 040 |
_aRTL _cRTL _beng |
||
| 041 |
_2eng _aeng |
||
| 082 | _aH21, L4 | ||
| 100 |
_aSorensen H Ed. _9283675 |
||
| 245 | 0 | _aAlkaline rocks | |
| 260 |
_aLondon _bJohn Wiley U K _c1974 |
||
| 300 |
_axii,622p. _ccm. |
||
| 500 | _aAppendix p. 557-77 | ||
| 650 |
_aGeology _915465 |
||
| 942 |
_hH21, L4 _cGB _2CC |
||
| 999 |
_c569888 _d569888 |
||